Wszystkie wsie gminy Parzęczew - Statystyki

Ogólne statystyki
  • Ten quiz został rozwiązany 10 razy
  • Średni wynik to 16 z 45
Statystyki odpowiedzi
Hint Odpowiedź % Poprawnych
939 Parzęczew
88%
89 Skórka
75%
627 Opole
63%
112 Śniatowa
63%
34 Anastazew
50%
345 Chociszew
50%
72 Florentynów
50%
148 Ignacew Folwarczny
50%
105 Mariampol
50%
146 Mikołajew
50%
156 Różyce
50%
93 Różyce Żmijowe
50%
56 Tkaczewska Góra
50%
159 Wielka Wieś
50%
143 Wytrzyszczki
50%
226 Bibianów
38%
brak danych Chrząstówek
38%
brak danych Gołaszyny
38%
brak danych Ignacew Parzęczewski
38%
brak danych Ignacew Podleśny
38%
brak danych Janów
38%
brak danych Leźnica Wielka
38%
brak danych Nowomłyny
38%
318 Orła
38%
225 Śliwniki
38%
44 Stary Chrząstów
38%
112 Chrząstów Wielki
25%
86 Ignacew Rozlazły
25%
211 Kowalewice
25%
brak danych Leźnica Wielka-Osiedle
25%
119 Mrożewice
25%
17 Nowa Jerozolima
25%
brak danych Piaskowice
25%
brak danych Sokola Góra
25%
67 Trojany
25%
brak danych Duraj
13%
36 Florianki
13%
brak danych Julianki
13%
brak danych Konstantki
13%
brak danych Kozikówka
13%
brak danych Mamień
13%
brak danych Pustkowa Góra
13%
brak danych Radzibórz
13%
brak danych Sulimy
13%
brak danych Żelgoszcz
13%
Nie znaleziono quizów pasujących do podanych kryteriów
Rozkład punktacji
Procent ludzi z każdym wynikiem
Percentyl według liczby udzielonych odpowiedzi
Twoja historia wyników
Nie rozwiązałeś tego quizu